[Event "Cienaga op"]
[White "Jaramillo Castrillon, Carlos Orlando"]
[Black "Fonseca Pacheco, Yeiner David"]
[Site "Cienaga"]
[Round "4"]
[Result "1-0"]
[Date "2024.12.17"]
[WhiteElo "1888"]
[BlackElo "1600"]
[PlyCount "95"]
[EventDate "2024.12.15"]
[EventType "swiss"]
[EventRounds "9"]
[EventCountry "COL"]
[SourceTitle "CB52_2024"]
[SourceDate "2024.12.25"]
[SourceVersion "1"]
[SourceVersionDate "2024.12.25"]
[SourceQuality "1"]

1. e3 d5 2. f4 Nf6 3. b3 d4 4. Bd3 c5 5. Nf3 Nc6 6. Bb2 Bg4 7. h3 Bxf3 8. Qxf3 e6 9. a3 Qd5 10. e4 Qh5 11. Qf2 e5 12. f5 Qh6 13. 0-0 Nh5 14. g3 Be7 15. Be2 Nf6 16. Qg2 g6 17. d3 gxf5 18. Rxf5 0-0-0 19. Bf3 Rdg8 20. Kf1 Rg7 21. Nd2 Rhg8 22. g4 Rg5 23. Re1 Nh5 24. Bc1 Rxf5 25. exf5 Nf4 26. Qh1 Bh4 27. Bxc6 Bxe1 28. Bxb7+ Kd8 29. Kxe1 Qxh3 30. Qxh3 Nxh3 31. Bf3 Ng5 32. Be2 f6 33. Ne4 Nxe4 34. dxe4 Kc7 35. Bh6 Kd6 36. Kf2 Ke7 37. Kg3 a5 38. Bc4 Rb8 39. a4 Rc8 40. g5 Rh8 41. Bg7 Rc8 42. gxf6+ Ke8 43. f7+ Ke7 44. f6+ Kd7 45. f8Q Kc7 46. Qe7+ Kb6 47. Qd6+ Rc6 48. Qb8# 1-0

[Event "Dosquebradas Fiestas del Progreso"]
[White "Bermudez Rojas, Alejandro"]
[Black "Jaramillo Castrillon, Carlos Orlando"]
[Site "Dosquebradas"]
[Round "6"]
[Result "1/2-1/2"]
[Date "2024.12.07"]
[WhiteElo "1731"]
[BlackElo "1888"]
[PlyCount "74"]
[EventDate "2024.12.04"]
[EventType "swiss"]
[EventRounds "9"]
[EventCountry "COL"]
[SourceTitle "CB50_2024"]
[SourceDate "2024.11.01"]
[SourceVersion "1"]
[SourceVersionDate "2024.11.01"]
[SourceQuality "2"]

1. e4 c5 2. Nf3 e6 3. d4 cxd4 4. Nxd4 Nf6 5. Nc3 a6 6. e5 Ng8 7. Bf4 Nc6 8. Bg3 Qc7 9. f4 Bb4 10. Nde2 Nge7 11. a3 Bxc3+ 12. Nxc3 Nf5 13. Ne4 Ncd4 14. Rc1 Qa5+ 15. c3 Qd5 16. Qd3 Nb3 17. Rd1 Qxd3 18. Rxd3 b5 19. Be2 Nc1 20. Rd2 Nxe2 21. Rxe2 Bb7 22. Bf2 Bxe4 23. Rxe4 d5 24. Re2 h5 25. g3 Rc8 26. Kd2 Kd7 27. Ra1 a5 28. b4 Ra8 29. Ree1 a4 30. Bc5 g6 31. Ke2 Kc6 32. Kd3 Rad8 33. Bf2 Rd7 34. Rac1 Kb7 35. Re2 Rc8 36. Rcc2 Rc4 37. Bd4 Rdc7 1/2-1/2

[Event "Dosquebradas Fiestas del Progreso"]
[White "Jaramillo Castrillon, Carlos Orlando"]
[Black "Londono Lopez, Donaldo Eliuver"]
[Site "Dosquebradas"]
[Round "3"]
[Result "0-1"]
[Date "2024.12.05"]
[WhiteElo "1888"]
[BlackElo "2160"]
[PlyCount "52"]
[EventDate "2024.12.04"]
[EventType "swiss"]
[EventRounds "9"]
[EventCountry "COL"]
[SourceTitle "CB50_2024"]
[SourceDate "2024.11.01"]
[SourceVersion "1"]
[SourceVersionDate "2024.11.01"]
[SourceQuality "2"]

1. b4 c6 2. c4 a5 3. b5 d5 4. e3 Nf6 5. Nf3 e6 6. Nc3 Bd6 7. d4 Nbd7 8. c5 Bb8 9. Bd3 0-0 10. 0-0 e5 11. Nxe5 Nxe5 12. dxe5 Bxe5 13. Bb2 Qe7 14. Rc1 Bg4 15. f3 Bh5 16. Qd2 Rfe8 17. Rfe1 Rad8 18. Na4 Ne4 19. Bxe4 dxe4 20. Qf2 exf3 21. Bxe5 Qxe5 22. bxc6 bxc6 23. gxf3 Qf5 24. Rf1 Qg5+ 25. Kh1 Rxe3 26. Rg1 Qf4 0-1